Statystyki dla Najmłodsi zwycięzcy konkursu PŚ w skokach narciarskich

Kliknij tutaj aby rozwiązać quiz!

Ogólne statystyki

  • Ten quiz został rozwiązany 43 razy
  • Średni wynik to 9 z 20

Statystyki odpowiedzi

data konkursuskoczniawiek triumfatorakrajskoczek% Poprawnych
25 listopada 2016Kuusamo/Ruka17 lat 5 m. 21 d.SłoweniaDomen Prevc
95%
17 marca 1996Oslo18 lat 4 m. 14 d.PolskaAdam Małysz
85%
3 grudnia 2006Lillehammer16 lat 10 m. 27 d.AustriaGregor Schlierenzauer
82%
16 stycznia 2014Wisła18 lat 4 m. 19 d.NiemcyAndreas Wellinger
72%
19 grudnia 1993Engelberg16 lat 7 m. 8 d.FinlandiaJanne Ahonen
72%
11 stycznia 2003Liberec16 lat 2 m. 12 d.AustriaThomas Morgenstern
72%
27 stycznia 1996Zakopane16 lat 10 m. 29 d.SłoweniaPrimož Peterka
62%
30 grudnia 1981Oberstdorf18 lat 5 m. 13 d.FinlandiaMatti Nykänen
56%
1 grudnia 1991Thunder Bay16 lat 6 m. 0 d.FinlandiaToni Nieminen
44%
6 stycznia 1983Bischofshofen18 lat 5 m. 16 d.NiemcyJens Weißflog
36%
16 lutego 1990Predazzo18 lat 1 m. 19 d.WłochyRoberto Cecon
36%
15 grudnia 2001Engelberg18 lat 1 m. 25 d.NiemcyStephan Hocke
28%
28 lutego 1987Lahti17 lat 9 m. 12 d.FinlandiaAri-Pekka Nikkola
26%
22 stycznia 1995Sapporo17 lat 11 m. 2 d.FrancjaNicolas Dessum
26%
9 marca 1980Lahti15 lat 11 m. 25 d.KanadaSteve Collins
26%
10 stycznia 1992Predazzo17 lat 8 m. 28 d.AustriaMartin Höllwarth
23%
1 stycznia 1981Ga-Pa18 lat 4 m. 18 d.KanadaHorst Bulau
21%
30 grudnia 1994Oberstdorf17 lat 11 m. 23 d.AustriaReinhard Schwarzenberger
15%
9 stycznia 1983Harrachov18 lat 6 m. 25 d.CzechyPavel Ploc
10%
22 grudnia 1985Chamonix18 lat 0 m. 14 d.FinlandiaPekka Suorsa
3%

Rozkład punktacji

Percentyl według liczby udzielonych odpowiedzi

Procent ludzi z każdym wynikiem

Twoja historia wyników

Nie rozwiązałeś tego quizu